00430nam a2200169Ia 4500003000400000005001700004008004100021020001500062050002600077100002100103245004700124260003500171300003300206440000600239521000700245526000800252OSt20140403111514.0140130s9999 xx 000 0 und d a0590341308 aPZ 7b.B7633Clwg 1997 aBridwell, Norman cBridwell, NormanaCliffords first Autumn / bScholastic,c1997.aNew York : a30 p. :bcol. ill. ;c21 cm. v1 aG2 c310